[Event "Titled Tuesday intern op 02nd Apr Early"]
[Site "Chess.com INT"]
[Date "2024.04.02"]
[Round "7"]
[White "Matveeva, Olga"]
[Black "Avila Rodriguez, Joshua Ad"]
[Result "1-0"]
[WhiteElo "2156"]
[BlackElo "2251"]
[PlyCount "93"]
[EventDate "2024.04.02"]
[EventType "swiss (blitz)"]
[EventRounds "11"]
[EventCountry "USA"]
[SourceTitle "CB15_2024"]
[SourceDate "2024.04.10"]
[SourceVersion "1"]
[SourceVersionDate "2024.04.10"]
[SourceQuality "1"]

1. d4 Nf6 2. c4 e6 3. g3 d5 4. Nf3 dxc4 5. Bg2 c5 6. 0-0 Nc6 7. Qa4 Bd7 8. Qxc4 b5 9. Qd3 c4 10. Qd1 Rc8 11. Re1 Be7 12. e4 0-0 13. a3 Na5 14. Nbd2 Bc6 15. Qe2 Qb6 16. e5 Nd5 17. h4 Rfd8 18. h5 h6 19. Qe4 Nb4 20. axb4 Bxe4 21. bxa5 Qc7 22. Nxe4 b4 23. Bd2 Qd7 24. Rec1 Qb5 25. Be3 c3 26. bxc3 b3 27. Rcb1 b2 28. Ra2 Qd3 29. Ned2 Rxc3 30. Raxb2 Qa6 31. Nb3 Qc8 32. Nc5 Rxe3 33. fxe3 Bxc5 34. dxc5 Qxc5 35. Rb8 Qxe3+ 36. Kh2 Rxb8 37. Rxb8+ Kh7 38. a6 Qa3 39. Rb7 Qxa6 40. Rxf7 Qa2 41. Nh4 a5 42. Ng6 Qe2 43. Nf4 Qxe5 44. Ra7 Qg5 45. Be4+ Kg8 46. Bg6 Kf8 47. Nxe6+ 1-0

[Event "Titled Tuesday intern op 02nd Apr Early"]
[Site "Chess.com INT"]
[Date "2024.04.02"]
[Round "5"]
[White "Matveeva, Olga"]
[Black "Osiecki, Stanislaw"]
[Result "1-0"]
[WhiteElo "2156"]
[BlackElo "1959"]
[PlyCount "87"]
[EventDate "2024.04.02"]
[EventType "swiss (blitz)"]
[EventRounds "11"]
[EventCountry "USA"]
[SourceTitle "CB15_2024"]
[SourceDate "2024.04.10"]
[SourceVersion "1"]
[SourceVersionDate "2024.04.10"]
[SourceQuality "1"]

1. d4 Nf6 2. c4 g6 3. g3 d6 4. Bg2 Bg7 5. Nf3 0-0 6. Nc3 Nbd7 7. 0-0 e5 8. e4 exd4 9. Nxd4 Nc5 10. h3 a5 11. Re1 Re8 12. Rb1 c6 13. Bf4 Nh5 14. Be3 Nf6 15. Qc2 Bd7 16. Bf4 Qe7 17. Rbd1 Nh5 18. Bc1 Nf6 19. b3 Be6 20. Kh2 Red8 21. f4 Bc8 22. Ba3 Ne8 23. Nf3 Qc7 24. e5 b6 25. exd6 Nxd6 26. Bxc5 bxc5 27. Ne5 Bxe5 28. Rxe5 Bb7 29. Rxc5 Nf5 30. Rxd8+ Rxd8 31. Rxf5 gxf5 32. Qxf5 Rd2 33. Ne4 Rxg2+ 34. Kxg2 c5 35. Kf2 Bxe4 36. Qxe4 Qd6 37. Qe8+ Kg7 38. Qe5+ Qxe5 39. fxe5 Kg6 40. g4 Kg5 41. Kg3 h5 42. a3 h4+ 43. Kf3 Kg6 44. Kf4 1-0

[Event "Titled Tuesday intern op 02nd Apr Early"]
[Site "Chess.com INT"]
[Date "2024.04.02"]
[Round "8"]
[White "Matveeva, Olga"]
[Black "Tulchynskyi, Feliks"]
[Result "0-1"]
[WhiteElo "2156"]
[BlackElo "2233"]
[PlyCount "74"]
[EventDate "2024.04.02"]
[EventType "swiss (blitz)"]
[EventRounds "11"]
[EventCountry "USA"]
[SourceTitle "CB15_2024"]
[SourceDate "2024.04.10"]
[SourceVersion "1"]
[SourceVersionDate "2024.04.10"]
[SourceQuality "1"]

1. d4 Nf6 2. c4 e6 3. g3 c5 4. d5 d6 5. Bg2 Be7 6. Nc3 0-0 7. Nf3 e5 8. e4 Na6 9. 0-0 Ne8 10. Ne1 f5 11. f4 Bf6 12. Nd3 exf4 13. Bxf4 Nb4 14. Kh1 g6 15. a3 Nxd3 16. Qxd3 Ng7 17. Rae1 Bxc3 18. Qxc3 fxe4 19. Bxe4 Bh3 20. Bg2 Bxg2+ 21. Kxg2 Qd7 22. Bh6 Rxf1 23. Rxf1 Nf5 24. Bg5 Re8 25. Rf2 h6 26. Bf4 Qe7 27. Qf3 Qe4 28. Qxe4 Rxe4 29. b3 h5 30. h3 Re8 31. g4 hxg4 32. hxg4 Nd4 33. Bxd6 Nxb3 34. g5 b6 35. Rf6 Kg7 36. Kf2 Nd2 37. Kg2 Ne4 0-1

[Event "Titled Tuesday intern op 16th Jan Early"]
[Site "Chess.com INT"]
[Date "2024.01.16"]
[Round "1"]
[White "Rozman, Levy"]
[Black "Matveeva, Olga"]
[Result "1-0"]
[WhiteElo "2322"]
[BlackElo "2156"]
[PlyCount "87"]
[EventDate "2024.01.16"]
[EventType "swiss (blitz)"]
[EventRounds "11"]
[EventCountry "USA"]
[SourceTitle "CB04_2024"]
[SourceDate "2023.10.16"]
[SourceVersion "1"]
[SourceVersionDate "2023.10.16"]
[SourceQuality "1"]

1. d4 d5 2. Bg5 h6 3. Bh4 c6 4. Nc3 g5 5. Bg3 Bg7 6. h4 g4 7. e3 Bf5 8. Bd3 Bxd3 9. Qxd3 Nd7 10. e4 dxe4 11. Nxe4 Ngf6 12. Nc3 Qa5 13. 0-0-0 Nd5 14. Nge2 Nxc3 15. Nxc3 e6 16. Kb1 0-0-0 17. Ne4 Ne5 18. Qe2 f5 19. Nc3 Nd7 20. Qxe6 Rhe8 21. Qf7 Bh8 22. Rd3 Rf8 23. Qg6 Rf6 24. Qh5 Re6 25. Rhd1 Rde8 26. f3 gxf3 27. Qxf3 Nf6 28. Be5 Ne4 29. Qxf5 Nxc3+ 30. Rxc3 Bxe5 31. dxe5 Qxe5 32. Qd3 Qe2 33. Qd7+ Kb8 34. Rcd3 a6 35. g4 Qxg4 36. a3 Qxh4 37. Rb3 b5 38. Rf3 Qe7 39. Qd2 Re2 40. Qxh6 Kb7 41. Qc1 Re1 42. Rfd3 Rxd1 43. Rxd1 Qe3 44. Rd2 1-0

[Event "Titled Tuesday intern op 09th Jan Early"]
[Site "Chess.com INT"]
[Date "2024.01.09"]
[Round "9"]
[White "Matveeva, Olga"]
[Black "Adel, Sara"]
[Result "0-1"]
[WhiteElo "2156"]
[BlackElo "1812"]
[PlyCount "74"]
[EventDate "2024.01.09"]
[EventType "swiss (blitz)"]
[EventRounds "11"]
[EventCountry "USA"]
[SourceTitle "CB03_2024"]
[SourceDate "2024.01.17"]
[SourceVersion "1"]
[SourceVersionDate "2024.01.17"]
[SourceQuality "1"]

1. d4 Nf6 2. c4 g6 3. g3 Bg7 4. Bg2 0-0 5. Nc3 Nc6 6. Nf3 d6 7. 0-0 e5 8. d5 Ne7 9. e4 Nh5 10. Ne1 a5 11. Nd3 b6 12. f4 f5 13. fxe5 Bxe5 14. Nxe5 dxe5 15. exf5 Qd6 16. Ne4 Qb4 17. fxg6 Rxf1+ 18. Qxf1 hxg6 19. Bh6 Bf5 20. b3 Kh7 21. Bg5 Rf8 22. Qe2 Bxe4 23. Bxe4 Qc3 24. Qxh5+ Kg8 25. Qd1 Nf5 26. Rc1 Qb4 27. Bxf5 Qc5+ 28. Kh1 Rxf5 29. Qe2 Rxg5 30. Rf1 Qd4 31. Qf3 Rf5 32. Qg2 e4 33. h4 e3 34. d6 cxd6 35. Qa8+ Kh7 36. Qb7+ Kh6 37. Rg1 e2 0-1

[Event "Titled Tuesday intern op 09th Jan Early"]
[Site "Chess.com INT"]
[Date "2024.01.09"]
[Round "6"]
[White "Matveeva, Olga"]
[Black "Ljukin, Sergei"]
[Result "1-0"]
[WhiteElo "2156"]
[BlackElo "2362"]
[PlyCount "65"]
[EventDate "2024.01.09"]
[EventType "swiss (blitz)"]
[EventRounds "11"]
[EventCountry "USA"]
[SourceTitle "CB03_2024"]
[SourceDate "2024.01.17"]
[SourceVersion "1"]
[SourceVersionDate "2024.01.17"]
[SourceQuality "1"]

1. d4 d5 2. c4 c6 3. Nf3 Nf6 4. Qb3 a5 5. cxd5 Nxd5 6. e4 Nf6 7. Nc3 e6 8. Be2 Bb4 9. Qc2 Nbd7 10. 0-0 Qe7 11. a3 Bxc3 12. bxc3 e5 13. Bd3 0-0 14. a4 c5 15. dxe5 Nxe5 16. Nxe5 Qxe5 17. f4 Qc7 18. e5 c4 19. exf6 cxd3 20. Qxd3 gxf6 21. f5 Rd8 22. Qf3 Ra6 23. Bf4 Qc5+ 24. Be3 Qf8 25. Rad1 Bd7 26. Bd4 Bc6 27. Qh3 Qg7 28. Rd3 Rxd4 29. cxd4 Kh8 30. Rg3 Qf8 31. Re1 Ra8 32. Qh4 Qd6 33. Rh3 1-0

[Event "Titled Tuesday intern op 19th Dec Early"]
[Site "Chess.com INT"]
[Date "2023.12.19"]
[Round "11"]
[White "Matveeva, Olga"]
[Black "Dinu, Dumitru Daniel"]
[Result "0-1"]
[WhiteElo "2156"]
[BlackElo "2190"]
[PlyCount "110"]
[EventDate "2023.12.19"]
[EventType "swiss (blitz)"]
[EventRounds "11"]
[EventCountry "USA"]
[SourceTitle "CB52_2023"]
[SourceDate "2023.12.27"]
[SourceVersion "1"]
[SourceVersionDate "2023.12.27"]
[SourceQuality "1"]

1. d4 Nf6 2. c4 e6 3. g3 c5 4. d5 exd5 5. cxd5 d6 6. Nc3 g6 7. Bg2 Bg7 8. Nf3 0-0 9. 0-0 Re8 10. Nd2 Nbd7 11. h3 a6 12. a4 Rb8 13. Nc4 Ne5 14. Na3 b5 15. axb5 axb5 16. Naxb5 Qb6 17. e4 Ba6 18. Rxa6 Qxa6 19. Nc7 Qb6 20. Nxe8 Nxe8 21. Qa4 Nd3 22. Be3 Nxb2 23. Qc2 Nc4 24. Rb1 Qd8 25. Rxb8 Qxb8 26. Bf4 Bd4 27. Ne2 Na3 28. Qa2 Qb2 29. Qxb2 Bxb2 30. Bf1 c4 31. Bc1 c3 32. f4 Nf6 33. e5 dxe5 34. d6 exf4 35. gxf4 Nd7 36. Bg2 Nc4 37. Bc6 Ncb6 38. Kf2 Kg7 39. Ke3 Kf6 40. Ke4 Ke6 41. Nd4+ Kxd6 42. Bxd7 Nxd7 43. Be3 Nc5+ 44. Kf3 Kd5 45. Nc2 Kc4 46. f5 gxf5 47. Kf4 Nd3+ 48. Kxf5 Kb3 49. Nd4+ Ka2 50. Kf6 c2 51. Kxf7 Bxd4 52. Bd2 Bc3 53. Be3 Bb2 54. h4 Bc1 55. Bd4 Bd2 0-1

[Event "Titled Tuesday intern op 12th Dec Early"]
[Site "Chess.com INT"]
[Date "2023.12.12"]
[Round "5"]
[White "Matveeva, Olga"]
[Black "Gormally, Daniel"]
[Result "0-1"]
[WhiteElo "2156"]
[BlackElo "2442"]
[PlyCount "60"]
[EventDate "2023.12.12"]
[EventType "swiss (blitz)"]
[EventRounds "11"]
[EventCountry "USA"]
[SourceTitle "CB51_2023"]
[SourceDate "2023.12.20"]
[SourceVersion "1"]
[SourceVersionDate "2023.12.20"]
[SourceQuality "1"]

1. d4 Nf6 2. c4 e6 3. g3 d5 4. Nf3 dxc4 5. Bg2 Nbd7 6. Qa4 a6 7. Qxc4 b5 8. Qc2 Bb7 9. 0-0 Rc8 10. a4 b4 11. Rd1 c5 12. dxc5 Bxc5 13. Qb3 Qb6 14. e3 Bd5 15. Qd3 Qb7 16. Nh4 Bxg2 17. Nxg2 Ne5 18. Qe2 Nf3+ 19. Kh1 Ng4 20. h3 Nge5 21. Nd2 0-0 22. e4 Nd4 23. Qh5 Nd3 24. Rf1 g6 25. Qh6 Rfd8 26. Nc4 Bf8 27. Qe3 Nc2 28. Qb6 Qc7 29. Qxc7 Rxc7 30. Bf4 Nxf4 0-1

[Event "Titled Tuesday intern op 14th Nov Early"]
[Site "Chess.com INT"]
[Date "2023.11.14"]
[Round "8"]
[White "Jaskolka, Tomasz"]
[Black "Matveeva, Olga"]
[Result "1-0"]
[WhiteElo "2222"]
[BlackElo "2156"]
[PlyCount "69"]
[EventDate "2023.11.14"]
[EventType "swiss (blitz)"]
[EventRounds "11"]
[EventCountry "USA"]
[SourceTitle "CB47_2023"]
[SourceDate "2023.11.22"]
[SourceVersion "1"]
[SourceVersionDate "2023.11.22"]
[SourceQuality "1"]

1. e4 c6 2. d4 d5 3. e5 c5 4. dxc5 e6 5. a3 Bxc5 6. b4 Bb6 7. Qg4 Ne7 8. Qxg7 Rg8 9. Qxh7 Nbc6 10. Nf3 Bd7 11. Bb2 Qc7 12. Nbd2 0-0-0 13. Qxf7 Rdf8 14. Qh7 Ng6 15. Bb5 Ncxe5 16. Bxd7+ Nxd7 17. 0-0-0 Bxf2 18. Nd4 Bxd4 19. Bxd4 e5 20. Bb2 Nf4 21. g3 Rh8 22. Qe7 Nd3+ 23. Kb1 Nf2 24. Nb3 Nxd1 25. Rxd1 Rxh2 26. Nc5 Rff2 27. Rxd5 Rd2 28. Bxe5 Rxd5 29. Bxc7 Kxc7 30. Ne6+ Kc6 31. Qd8 Rd1+ 32. Kb2 Rdd2 33. Qc7+ Kb5 34. Qxb7+ Kc4 35. Qc6+ 1-0

[Event "Titled Tuesday intern op 14th Nov Early"]
[Site "Chess.com INT"]
[Date "2023.11.14"]
[Round "4"]
[White "Kuchava, Ana"]
[Black "Matveeva, Olga"]
[Result "0-1"]
[WhiteElo "2101"]
[BlackElo "2156"]
[PlyCount "112"]
[EventDate "2023.11.14"]
[EventType "swiss (blitz)"]
[EventRounds "11"]
[EventCountry "USA"]
[SourceTitle "CB47_2023"]
[SourceDate "2023.11.22"]
[SourceVersion "1"]
[SourceVersionDate "2023.11.22"]
[SourceQuality "1"]

1. d4 d5 2. Nf3 Nf6 3. c4 e6 4. Nc3 a6 5. cxd5 exd5 6. Bg5 Be6 7. e3 Be7 8. Bd3 Nbd7 9. 0-0 h6 10. Bh4 0-0 11. Rb1 c5 12. Qe2 c4 13. Bc2 b5 14. a3 Re8 15. Ne5 Nxe5 16. dxe5 Ng4 17. Bg3 Bh4 18. f4 Bxg3 19. hxg3 Qb6 20. Rbe1 Nxe3 21. Qxe3 Qxe3+ 22. Rxe3 d4 23. Ree1 dxc3 24. bxc3 Rad8 25. Rd1 Bg4 26. Rxd8 Rxd8 27. Rf2 Kf8 28. Kf1 Ke7 29. Ke1 g6 30. Rd2 Rxd2 31. Kxd2 Ke6 32. Ke3 Bf5 33. Bd1 Kd5 34. Bf3+ Kc5 35. g4 Bd3 36. Bb7 a5 37. Bc8 b4 38. axb4+ axb4 39. cxb4+ Kxb4 40. Kd2 Be4 41. g3 c3+ 42. Kc1 Kc4 43. f5 gxf5 44. gxf5 Kd5 45. e6 fxe6 46. fxe6 Kd6 47. Bd7 Bf5 48. Bc8 Bxe6 49. Bxe6 Kxe6 50. Kc2 Kf5 51. Kxc3 Kg4 52. Kd2 Kxg3 53. Ke1 Kg2 54. Ke2 h5 55. Ke3 h4 56. Kf4 h3 0-1

[Event "Titled Tuesday intern op 14th Nov Early"]
[Site "Chess.com INT"]
[Date "2023.11.14"]
[Round "1"]
[White "Matveeva, Olga"]
[Black "Ilkhomi, Jaloliddin"]
[Result "1/2-1/2"]
[WhiteElo "2156"]
[BlackElo "2177"]
[PlyCount "100"]
[EventDate "2023.11.14"]
[EventType "swiss (blitz)"]
[EventRounds "11"]
[EventCountry "USA"]
[SourceTitle "CB47_2023"]
[SourceDate "2023.11.22"]
[SourceVersion "1"]
[SourceVersionDate "2023.11.22"]
[SourceQuality "1"]

1. d4 Nf6 2. c4 e6 3. g3 Bb4+ 4. Bd2 Qe7 5. Nf3 0-0 6. Bg2 b6 7. 0-0 Bxd2 8. Nbxd2 Bb7 9. Qc2 d5 10. cxd5 exd5 11. Ne5 c5 12. e3 Nbd7 13. Nxd7 Nxd7 14. dxc5 bxc5 15. Rfd1 Rfd8 16. Rac1 Rac8 17. b3 Ne5 18. Nf3 d4 19. Nxe5 Bxg2 20. Kxg2 Qxe5 21. exd4 Rxd4 22. Rxd4 Qxd4 23. Qc4 Qd6 24. b4 Qc6+ 25. Kg1 Qa4 26. bxc5 Qxc4 27. Rxc4 f5 28. Kg2 Kf7 29. Kf3 Ke6 30. Kf4 h6 31. h4 g6 32. Rc2 Rc6 33. f3 a5 34. g4 fxg4 35. fxg4 Kd5 36. h5 Rf6+ 37. Ke3 Re6+ 38. Kd3 gxh5 39. gxh5 Rc6 40. Ke3 Rxc5 41. Rxc5+ Kxc5 42. Kf4 Kb4 43. Kf5 Ka3 44. Kg6 Kxa2 45. Kxh6 Kb1 46. Kg6 a4 47. h6 a3 48. h7 a2 49. h8Q a1Q 50. Qxa1+ Kxa1 1/2-1/2